000 00627nam a2200229Ia 4500
003 OSt
005 20221007081125.0
006 a|||||r|||| 00| 0
007 ta
008 221006b |||||||| |||| 00| 0 eng d
024 _a15,594
037 _cTextual
040 _aFLL
_cFLL
_beng
041 _2eng
_aeng
082 _aX6295:Z1, L1
100 _aRubin S.J. Ed.
_9696476
245 0 _aForeign development lending-legal aspects
260 _aNew York
_bOceana publications inc. U.S.A.
_c1971
300 _a352p
_ccm.
942 _hX6295:Z1, L1
_cTEXL
_2CC
999 _c1162102
_d1162102